| 000 | 00727cab a2200253 4500 | ||
|---|---|---|---|
| 001 | ABS58219 | ||
| 008 | 090401t1998 xxu||||| |||| 00| 0 eng d | ||
| 035 | _a(Sirsi) u83475 | ||
| 041 | _aeng | ||
| 100 | _aFrench, N. | ||
| 245 | _aWord play | ||
| 260 | _c1998 | ||
| 350 | _a0 | ||
| 490 |
_aEstates Gazette _v(9803) 17 January 1998, 130-132(3) |
||
| 520 | _aReviews on the important of semantics in valuation, especially the use of terms such as price, worth and value as defined in RICS Information Papers. References. | ||
| 650 | _aDEFINITIONS | ||
| 650 | _aPRICE | ||
| 650 |
_aValuation _96273 |
||
| 650 | _aVALUE | ||
| 650 | _aWORTH | ||
| 690 | _aRATING AND VALUATION | ||
| 942 | _n0 | ||
| 948 | _c02/02/1998 | ||
| 999 |
_c52724 _d52724 |
||